La universidad epopeya medieval: notas para un estudio sobre el surgimiento de la universidad en el alto medieval
Guardado en:
| Autor principal: | |
|---|---|
| Formato: | Libro |
| Lenguaje: | español |
| Publicado: |
Ciudad de México
Universidad Autónoma de México
1987
|
| Colección: | Instituto de Investigaciones Jurídicos. Serie C: Estudios Históricos, 22
|
| Materias: | |
| Etiquetas: |
Agregar Etiqueta
Sin Etiquetas, Sea el primero en etiquetar este registro!
|
MARC
| LEADER | 00000nam a2200000 a 4500 | ||
|---|---|---|---|
| 001 | UCW9116 | ||
| 003 | CL-VaPUC | ||
| 005 | 20240529132540.0 | ||
| 008 | 881207e19870000MX |||||||||||||||||spa|d | ||
| 999 | |c 221164 |d 221162 | ||
| 040 | |c Pontificia Universidad Católica de Valparaíso | ||
| 082 | 0 | 4 | |a 378.155 |b TAM |2 21 |
| 100 | 0 | |a Tamayo y Salmorán, Rolando |e author |9 314257 | |
| 245 | 1 | 3 | |a La universidad epopeya medieval: notas para un estudio sobre el surgimiento de la universidad en el alto medieval |
| 260 | |a Ciudad de México |b Universidad Autónoma de México |c 1987 | ||
| 300 | |a 132 p | ||
| 490 | 0 | |a Instituto de Investigaciones Jurídicos. Serie C: Estudios Históricos, 22 | |
| 583 | |a last modification |c 19881207 00:00:00 |k Rodrigo Vera | ||
| 650 | 7 | |a Universidades |2 CL-VaPUC |9 314258 |z Europa |x Historia |y Siglo 5-10 | |
| 650 | 0 | |a Educación medieval |9 258041 |z Europa |x Historia | |
| 942 | |c BK |2 ddc | ||
| 945 | |d 19881207 00:00:00 | ||
| 952 | |0 0 |1 0 |2 ddc |4 0 |6 378_155000000000000_TAM_1987 |7 1 |8 R |9 214192 |a BIBHIS |b BIBHIS |d 2019-11-15 |i 2828170 |o 378.155 TAM 1987 |p 2828170 |r 2024-01-30 |w 2019-11-15 |y BK_R |k HIS | ||